[Event "European Senior Team Championship 2014"]
[Site "Sibenik"]
[Date "2014.04.08"]
[Round "8.18"]
[White "White, Alastair F"]
[Black "Fernengel, Rudolf"]
[Result "1-0"]
[WhiteElo "2058"]
[BlackElo "1786"]
[PlyCount "57"]
[EventDate "2014.04.01"]

1. e4 d6 2. d4 g6 3. Nc3 Bg7 4. f4 c6 5. a4 Nd7 6. Nf3 e6 7. Be2 Ne7 8. Be3 d5
9. e5 Nf5 10. Bf2 Bf8 11. O-O a6 12. Bd3 Ng7 13. Ne2 c5 14. c3 c4 15. Bc2 Nb8
16. g4 h5 17. h3 hxg4 18. hxg4 Nc6 19. Kg2 Qb6 20. Qd2 Na5 21. Rh1 Rg8 22. Bh4
Bd7 23. Bf6 Be7 24. Rh3 Kf8 25. f5 Bxf6 26. exf6 Nxf5 27. Bxf5 exf5 28. Qh6+
Ke8 29. Qh8 1-0

[Event "European Senior Team Championship 2014"]
[Site "Sibenik"]
[Date "2014.04.08"]
[Round "8.18"]
[White "Mckerracher, Douglas"]
[Black "Neudel, Bernd"]
[Result "1-0"]
[WhiteElo "1987"]
[BlackElo "1895"]
[PlyCount "65"]
[EventDate "2014.04.01"]

1. e4 c5 2. Nc3 d6 3. g3 Nc6 4. Bg2 g6 5. d3 Bg7 6. f4 e6 7. Nf3 Nge7 8. O-O
O-O 9. Be3 Rb8 10. Qd2 b6 11. Bf2 d5 12. e5 Ba6 13. Rfe1 Qd7 14. a4 Bb7 15. Qe2
Ba6 16. Nb5 Bb7 17. c3 Ba8 18. c4 a6 19. Nc3 Nb4 20. a5 d4 21. Na4 Qc7 22. axb6
Qc8 23. Qd2 Bb7 24. Nxd4 Bxg2 25. Kxg2 Rd8 26. Red1 a5 27. Nf3 Rxd3 28. Qe2
Rxd1 29. Rxd1 Na6 30. Qd3 Qc6 31. Qd7 Qxd7 32. Rxd7 Bf8 33. Ra7 1-0

[Event "European Senior Team Championship 2014"]
[Site "Sibenik"]
[Date "2014.04.09"]
[Round "9.2"]
[White "Hulak, Krunoslav"]
[Black "Fauland, Alexander"]
[Result "0-1"]
[WhiteElo "2475"]
[BlackElo "2417"]
[PlyCount "132"]
[EventDate "2014.04.01"]

1. Nf3 f5 2. d4 Nf6 3. g3 g6 4. Bg2 Bg7 5. O-O O-O 6. c4 c6 7. d5 Na6 8. Nc3
Nc5 9. Be3 Nce4 10. Nxe4 Nxe4 11. Bd4 c5 12. Bxg7 Kxg7 13. Nd2 Nf6 14. e4 d6
15. Re1 Rb8 16. e5 dxe5 17. Rxe5 Qd6 18. f4 e6 19. a4 Bd7 20. h3 Rfe8 21. Qe1
Qb6 22. b3 exd5 23. a5 Qb4 24. cxd5 Rxe5 25. fxe5 Nxd5 26. e6 Qd4+ 27. Kh2 Bb5
28. Nc4 Bxc4 29. bxc4 Ne3 30. Ra2 f4 31. gxf4 Qxf4+ 32. Kh1 Rd8 33. e7 Re8 34.
Rf2 Qe5 35. Bxb7 Rxe7 36. Re2 Qd4 37. a6 Re5 38. Bd5 Nc2 39. Qf1 Rxe2 40. Qxe2
Ne3 41. Bf3 Kf6 42. Qe1 Nxc4 43. Qe8 Qa1+ 44. Kg2 Qb2+ 45. Kg1 Ne5 46. Qf8+ Nf7
47. Qxc5 Qa1+ 48. Kg2 Qxa6 49. Qd4+ Ne5 50. Qf4+ Ke6 51. Bg4+ Nxg4 52. Qxg4+
Ke7 53. Qh4+ Ke8 54. Qxh7 Qe2+ 55. Kg3 Qe5+ 56. Kg2 Qd5+ 57. Kg3 Qd6+ 58. Kg2
a6 59. Qa7 Qc6+ 60. Kg3 Kd8 61. Kf2 Kc8 62. Qe7 a5 63. h4 a4 64. Ke2 Qc2+ 65.
Kf3 Qd3+ 66. Kg4 Qd7+ 0-1

[Event "European Senior Team Championship 2014"]
[Site "Sibenik"]
[Date "2014.04.09"]
[Round "9.2"]
[White "Wallner, Joachim"]
[Black "Cebalo, Miso"]
[Result "1/2-1/2"]
[WhiteElo "2361"]
[BlackElo "2418"]
[PlyCount "36"]
[EventDate "2014.04.01"]

1. b3 e5 2. Bb2 Nc6 3. c4 Nf6 4. Nc3 d5 5. cxd5 Nxd5 6. Nf3 Be7 7. g3 Nxc3 8.
dxc3 Qxd1+ 9. Rxd1 Be6 10. e4 f6 11. Nd2 Kf7 12. Bc4 Rhd8 13. Ke2 a6 14. Bxe6+
Kxe6 15. Nc4 Bc5 16. Bc1 b5 17. Nb2 a5 18. Be3 Bb6 1/2-1/2

[Event "European Senior Team Championship 2014"]
[Site "Sibenik"]
[Date "2014.04.09"]
[Round "9.2"]
[White "Rukavina, Josip"]
[Black "Thoma, Robert"]
[Result "1/2-1/2"]
[WhiteElo "2405"]
[BlackElo "2342"]
[PlyCount "64"]
[EventDate "2014.04.01"]

1. Nf3 f5 2. g3 Nf6 3. Bg2 g6 4. O-O Bg7 5. d4 O-O 6. c4 c6 7. Nc3 Na6 8. d5
Nc5 9. Be3 Nce4 10. Nxe4 Nxe4 11. Bd4 cxd5 12. Bxg7 Kxg7 13. Qxd5 d6 14. Nd4
Nf6 15. Qb5 Qc7 16. b3 e5 17. Nf3 a5 18. c5 dxc5 19. Rfc1 Ne4 20. Qc4 Bd7 21.
Qc2 Bc6 22. Qb2 Rfe8 23. a3 Rad8 24. Rd1 Rxd1+ 25. Rxd1 Nf6 26. Rc1 Bxf3 27.
exf3 b6 28. Bf1 Qd6 29. Be2 Qd4 30. Qc2 Qd6 31. Rd1 Qc7 32. Qc3 Re7 1/2-1/2

[Event "European Senior Team Championship 2014"]
[Site "Sibenik"]
[Date "2014.04.09"]
[Round "9.2"]
[White "Danner, Georg"]
[Black "Sale, Srdjan"]
[Result "1/2-1/2"]
[WhiteElo "2336"]
[BlackElo "2402"]
[PlyCount "171"]
[EventDate "2014.04.01"]

1. d4 Nf6 2. c4 e6 3. Nf3 d5 4. Bg5 Nbd7 5. e3 c6 6. Nc3 Qa5 7. Nd2 Bb4 8. Qc2
O-O 9. Be2 Ne4 10. Ndxe4 dxe4 11. Bh4 c5 12. O-O cxd4 13. exd4 g5 14. Bg3 f5
15. f4 g4 16. Be1 Qd8 17. Rd1 Be7 18. a3 Nf6 19. b4 Bd7 20. Qb3 Qe8 21. c5 Kg7
22. Bc4 Bd8 23. Rd2 Nh5 24. Nd1 Ba4 25. Qa2 Bc7 26. g3 Bd7 27. Ne3 Nf6 28. Bf2
Rd8 29. Rfd1 Kg6 30. Re1 b5 31. cxb6 Bxb6 32. d5 exd5 33. Bxd5 Bb5 34. Red1 Bd3
35. Bc4 Qc6 36. Bxd3 exd3 37. Nc4 Bc7 38. Rxd3 Rxd3 39. Rxd3 Re8 40. Qc2 Qe4
41. Qc3 a6 42. Re3 Qa8 43. Rxe8 Qxe8 44. Qd3 Qe6 45. Be3 Nd5 46. Bf2 h5 47. Ne3
Nf6 48. Qc4 Qd6 49. Ng2 Qd1+ 50. Qf1 Qxf1+ 51. Kxf1 Ne4 52. Ke2 Kf7 53. Bd4 Ke6
54. Kd3 Bd6 55. Nh4 Be7 56. Ng2 Bd6 57. Be3 Be7 58. Kc4 Nd6+ 59. Kb3 Kd5 60.
Bc5 Ke4 61. Ne1 h4 62. gxh4 Kxf4 63. Ka4 Ke5 64. h5 Bg5 65. Kb3 f4 66. Nd3+ Kd5
67. Nf2 g3 68. hxg3 fxg3 69. Nh3 Bh6 70. Kc2 Ne4 71. Ba7 Kc4 72. Ng1 Nf6 73.
Nf3 Nxh5 74. Ne5+ Kd5 75. Nf3 Ke4 76. Nd2+ Kd5 77. a4 g2 78. b5 axb5 79. axb5
Bf8 80. Nf3 Nf4 81. Ng1 Kc4 82. Kd2 Kxb5 83. Ke3 Bd6 84. Kf3 Kc4 85. Be3 Nd5
86. Bg5 1/2-1/2

[Event "European Senior Team Championship 2014"]
[Site "Sibenik"]
[Date "2014.04.09"]
[Round "9.3"]
[White "Vasiukov, Evgeni"]
[Black "Ftacnik, Lubomir"]
[Result "1/2-1/2"]
[WhiteElo "2451"]
[BlackElo "2563"]
[PlyCount "25"]
[EventDate "2014.04.01"]

1. d4 d5 2. Nf3 Nf6 3. c4 c6 4. cxd5 cxd5 5. Nc3 Nc6 6. Bf4 Bf5 7. e3 e6 8. Bd3
Bxd3 9. Qxd3 Bd6 10. Bxd6 Qxd6 11. O-O O-O 12. Rfc1 Rfc8 13. h3 1/2-1/2

[Event "European Senior Team Championship 2014"]
[Site "Sibenik"]
[Date "2014.04.09"]
[Round "9.3"]
[White "Chernikov, Oleg L"]
[Black "Plachetka, Jan"]
[Result "1/2-1/2"]
[WhiteElo "2372"]
[BlackElo "2360"]
[PlyCount "24"]
[EventDate "2014.04.01"]

1. d4 d5 2. c4 e6 3. Nc3 Nf6 4. Bg5 Be7 5. e3 Nbd7 6. Nf3 O-O 7. Rc1 c6 8. Bd3
dxc4 9. Bxc4 Nd5 10. Bxe7 Qxe7 11. O-O Nxc3 12. Rxc3 e5 1/2-1/2

[Event "European Senior Team Championship 2014"]
[Site "Sibenik"]
[Date "2014.04.09"]
[Round "9.3"]
[White "Petran, Peter"]
[Black "Kremenietsky, Anatoly M"]
[Result "1/2-1/2"]
[WhiteElo "2316"]
[BlackElo "2332"]
[PlyCount "21"]
[EventDate "2014.04.01"]

1. c4 Nf6 2. Nc3 c5 3. Nf3 b6 4. g3 Bb7 5. Bg2 e6 6. O-O Be7 7. d4 cxd4 8. Qxd4
d6 9. b3 O-O 10. Bb2 a6 11. Rfd1 1/2-1/2

[Event "European Senior Team Championship 2014"]
[Site "Sibenik"]
[Date "2014.04.09"]
[Round "9.4"]
[White "Kurajica, Bojan"]
[Black "Westerinen, Heikki M.J"]
[Result "1-0"]
[WhiteElo "2506"]
[BlackElo "2293"]
[PlyCount "43"]
[EventDate "2014.04.01"]

1. Nf3 Nf6 2. d4 g6 3. g3 Bg7 4. Bg2 O-O 5. c4 d6 6. b3 c5 7. Bb2 Nc6 8. d5 Na5
9. O-O e5 10. dxe6 Bxe6 11. Nc3 d5 12. cxd5 Nxd5 13. Qc1 Nxc3 14. Bxc3 Bxc3 15.
Qxc3 Qb6 16. Ne5 Rac8 17. Rfd1 Rfd8 18. h4 Nc6 19. Bxc6 bxc6 20. h5 Rd5 21. h6
f6 22. Nd7 1-0

[Event "European Senior Team Championship 2014"]
[Site "Sibenik"]
[Date "2014.04.09"]
[Round "9.4"]
[White "Kanko, Ilkka"]
[Black "Dizdarevic, Emir"]
[Result "0-1"]
[WhiteElo "2188"]
[BlackElo "2503"]
[PlyCount "150"]
[EventDate "2014.04.01"]

1. d4 Nf6 2. c4 b6 3. Nc3 Bb7 4. Nf3 e6 5. e3 g6 6. Bd3 Bg7 7. O-O c5 8. e4
cxd4 9. Nxd4 d6 10. Be3 O-O 11. f3 Nbd7 12. Be2 a6 13. Qd2 Re8 14. Rad1 Rc8 15.
Nc2 Bf8 16. b3 d5 17. exd5 exd5 18. Bf2 dxc4 19. bxc4 Qc7 20. Ne3 Bh6 21. Rfe1
Qc5 22. Bf1 b5 23. Qd4 Qxd4 24. Rxd4 Bg7 25. Rdd1 Ne5 26. Ncd5 Nxc4 27. Bxc4
bxc4 28. Nb6 Rcd8 29. Nexc4 Rxe1+ 30. Rxe1 Bc6 31. Na5 Be8 32. Bh4 Kf8 33. Nac4
Bb5 34. Ne5 h6 35. a4 Be8 36. Bf2 Kg8 37. Nec4 Bc6 38. Bc5 Nd7 39. Rd1 Bf6 40.
Nxd7 Rxd7 41. Rxd7 Bxd7 42. a5 Be6 43. Nd2 Bc3 44. Ne4 Bxa5 45. Nf6+ Kh8 46.
Bd4 Bd8 47. Nd7+ Kg8 48. Nf6+ Kg7 49. Nd7+ f6 50. Nc5 Bc4 51. Nb7 Bc7 52. Bc3
Bd5 53. Na5 Kf7 54. Kf2 h5 55. h4 Ke6 56. Bb4 Bb6+ 57. Ke2 Kd7 58. Be1 Kd6 59.
Bb4+ Bc5 60. Be1 Kc7 61. Kd3 Kb6 62. Nc4+ Kb5 63. Ne3 Be6 64. Bc3 f5 65. Bf6 f4
66. Nc2 Bf5+ 67. Kc3 Bxc2 68. Kxc2 Kc4 69. Be5 Bf2 70. Bxf4 Bxh4 71. Bc7 Be1
72. Be5 a5 73. Bf6 a4 74. Be5 Bb4 75. Bf6 Bc5 0-1

[Event "European Senior Team Championship 2014"]
[Site "Sibenik"]
[Date "2014.04.09"]
[Round "9.4"]
[White "Vukic, Milan"]
[Black "Hurme, Harri"]
[Result "1-0"]
[WhiteElo "2386"]
[BlackElo "2150"]
[PlyCount "63"]
[EventDate "2014.04.01"]

1. Nf3 Nc6 2. d4 d5 3. e3 Bg4 4. Bb5 e6 5. Nbd2 Nge7 6. b3 a6 7. Be2 Ng6 8. Bb2
Bd6 9. c4 O-O 10. h3 Bxf3 11. Nxf3 Bb4+ 12. Kf1 Be7 13. g3 Nb8 14. h4 Nd7 15.
h5 Nh8 16. Qc2 c6 17. Bd3 f5 18. g4 g6 19. gxf5 exf5 20. hxg6 hxg6 21. Ke2 Rf7
22. Rag1 Rg7 23. Bxf5 gxf5 24. Qxf5 Nf8 25. Ne5 Qd6 26. Rxg7+ Kxg7 27. Rxh8 Qf6
28. Qh3 Rd8 29. Rh5 Kg8 30. Rf5 Qg7 31. Qh5 Qh7 32. Rg5+ 1-0

[Event "European Senior Team Championship 2014"]
[Site "Sibenik"]
[Date "2014.04.09"]
[Round "9.5"]
[White "Karlsson, Lars"]
[Black "Huelsmann, Josef"]
[Result "1-0"]
[WhiteElo "2408"]
[BlackElo "2168"]
[PlyCount "53"]
[EventDate "2014.04.01"]

1. b3 e5 2. Bb2 Nc6 3. c4 Nf6 4. e3 g6 5. Nf3 d6 6. d4 Bg7 7. Nc3 e4 8. d5 exf3
9. dxc6 fxg2 10. Bxg2 Rb8 11. cxb7 Bg4 12. Qd4 O-O 13. Nd5 Nh5 14. Qd2 Bxb2 15.
Qxb2 c6 16. Nb4 Qg5 17. Nxc6 Rxb7 18. h4 Qh6 19. Ne5 dxe5 20. Bxb7 Rb8 21. Bd5
Qf8 22. f3 Qc5 23. Kf2 Nf4 24. Rad1 Rb6 25. Qxe5 Nh3+ 26. Rxh3 Re6 27. Qd4 1-0

[Event "European Senior Team Championship 2014"]
[Site "Sibenik"]
[Date "2014.04.09"]
[Round "9.5"]
[White "Haselhorst, Helmut"]
[Black "Wahlbom, Magnus"]
[Result "0-1"]
[WhiteElo "2079"]
[BlackElo "2291"]
[PlyCount "94"]
[EventDate "2014.04.01"]

1. d4 Nf6 2. c4 e6 3. Nf3 b6 4. g3 Ba6 5. b3 b5 6. cxb5 Bxb5 7. Bg2 Bb4+ 8. Bd2
Be7 9. Nc3 Ba6 10. O-O O-O 11. Re1 d5 12. Qc2 Nbd7 13. e4 c6 14. Rad1 Rc8 15.
Qb1 h6 16. h3 Re8 17. Nh2 Bb4 18. e5 Nh7 19. Bf1 Bxf1 20. Nxf1 Qa5 21. Na4 c5
22. Nxc5 Nxc5 23. dxc5 Rxc5 24. Bxb4 Qxb4 25. h4 Rec8 26. Ne3 Nf8 27. Ng2 Qa3
28. Nf4 Rc2 29. Kg2 Rb2 30. Qd3 Rcc2 31. Rf1 Qxa2 32. Qf3 Qxb3 33. Qg4 Qc4 34.
Rde1 a5 35. Qd1 Rd2 36. Qa1 Qd4 37. Nh3 a4 38. Rc1 Qxe5 39. Qxa4 Qe4+ 40. Qxe4
dxe4 41. Rfe1 f5 42. Rc8 Kf7 43. Kf1 Ng6 44. Ra1 e3 45. fxe3 Rh2 46. Ng1 Ne5
47. Rc3 Ng4 0-1

[Event "European Senior Team Championship 2014"]
[Site "Sibenik"]
[Date "2014.04.09"]
[Round "9.5"]
[White "Bergstrom, Rolf"]
[Black "Weisshaupt, Rainer"]
[Result "1/2-1/2"]
[WhiteElo "2285"]
[BlackElo "2154"]
[PlyCount "47"]
[EventDate "2014.04.01"]

1. e4 e5 2. Nf3 Nc6 3. Nc3 Nf6 4. Bb5 Bc5 5. Nxe5 Nd4 6. Be2 O-O 7. O-O Qe7 8.
Nf3 Nxe4 9. Nxe4 Qxe4 10. Nxd4 Bxd4 11. c3 Bf6 12. d4 d5 13. Bd3 Qh4 14. Qc2
Bd7 15. Qb3 Bc6 16. f4 Be7 17. Bd2 Bd6 18. Qc2 Qh5 19. Rae1 Rfe8 20. Qd1 Qxd1
21. Rxd1 Bd7 22. Rde1 b6 23. g3 c5 24. Kf2 1/2-1/2

[Event "European Senior Team Championship 2014"]
[Site "Sibenik"]
[Date "2014.04.09"]
[Round "9.5"]
[White "Kurka, Dieter"]
[Black "Hammar, Bengt"]
[Result "1-0"]
[WhiteElo "2028"]
[BlackElo "2232"]
[PlyCount "95"]
[EventDate "2014.04.01"]

1. d4 Nf6 2. c4 g6 3. Nc3 Bg7 4. e4 d6 5. Nf3 O-O 6. Be2 e5 7. O-O Nbd7 8. Be3
c6 9. Qc2 Qe7 10. a3 Nh5 11. dxe5 dxe5 12. g3 Nhf6 13. b4 Ng4 14. Bg5 f6 15.
Bc1 f5 16. exf5 gxf5 17. Nh4 e4 18. Nxf5 Rxf5 19. Bxg4 Ne5 20. Qxe4 Rxf2 21.
Rxf2 Bxg4 22. Raa2 Rd8 23. Rad2 Re8 24. Rf4 Qg5 25. Kg2 Qh5 26. h4 Bh6 27. Rdf2
Bd7 28. Rf5 Bxf5 29. Rxf5 Qg6 30. Bxh6 Ng4 31. Rg5 Rxe4 32. Rxg6+ hxg6 33. Nxe4
Nxh6 34. Nd6 b6 35. Nc8 Nf5 36. Nxa7 Ne3+ 37. Kf3 Nxc4 38. a4 c5 39. bxc5 bxc5
40. Nc6 Kf7 41. a5 Ke6 42. a6 Kd6 43. a7 Nb6 44. Na5 Kd5 45. g4 c4 46. Nxc4
Kxc4 47. h5 gxh5 48. gxh5 1-0

[Event "European Senior Team Championship 2014"]
[Site "Sibenik"]
[Date "2014.04.09"]
[Round "9.6"]
[White "Stebbings, Anthony J"]
[Black "Woeber, Friedrich"]
[Result "1-0"]
[WhiteElo "2302"]
[BlackElo "2178"]
[PlyCount "109"]
[EventDate "2014.04.01"]

1. e4 d5 2. exd5 Qxd5 3. Nc3 Qa5 4. d4 Nf6 5. Nf3 c6 6. Bc4 Bf5 7. Bd2 e6 8.
Qe2 Bb4 9. a3 Bxc3 10. Bxc3 Qc7 11. O-O-O Nbd7 12. Ne5 Nxe5 13. dxe5 Nd5 14.
Bd2 O-O-O 15. g4 Bg6 16. f4 h5 17. h3 hxg4 18. hxg4 Rxh1 19. Rxh1 Qb6 20. c3
Qa5 21. Rf1 Qa4 22. f5 exf5 23. gxf5 Bh5 24. Qe4 Nb6 25. Bd3 Qxe4 26. Bxe4 Re8
27. e6 fxe6 28. fxe6 Bg4 29. Rg1 Bxe6 30. Rxg7 Nd5 31. Kc2 Bd7 32. Bd3 Re7 33.
Rg8+ Re8 34. Rg7 Re7 35. Rg8+ Re8 36. Rxe8+ Bxe8 37. c4 Ne7 38. Bg5 Kd7 39. Kc3
c5 40. Be3 b6 41. b4 cxb4+ 42. axb4 Bg6 43. Be2 Be4 44. Kd4 Bg2 45. Bg4+ Kc6
46. Bg5 Ng6 47. b5+ Kc7 48. Bf5 Nf8 49. Bf4+ Kd8 50. Bb8 Nd7 51. Bxa7 Kc7 52.
Bxd7 Kxd7 53. Bxb6 Bf3 54. Ba5 Bg2 55. Kc5 1-0

[Event "European Senior Team Championship 2014"]
[Site "Sibenik"]
[Date "2014.04.09"]
[Round "9.6"]
[White "Ernst, Michael"]
[Black "Quinn, John M"]
[Result "1/2-1/2"]
[WhiteElo "2170"]
[BlackElo "2135"]
[PlyCount "141"]
[EventDate "2014.04.01"]

1. d4 Nf6 2. c4 g6 3. Nc3 Bg7 4. e4 d6 5. h3 O-O 6. Nf3 e5 7. d5 a5 8. Bg5 Na6
9. Nd2 Nc5 10. g4 c6 11. Be2 a4 12. h4 Qa5 13. Bxf6 Bxf6 14. Qb1 Bd7 15. f3 Qd8
16. g5 Bg7 17. Qc2 f5 18. O-O-O fxe4 19. Ndxe4 Bf5 20. Qd2 Qb6 21. Nxc5 dxc5
22. Ne4 cxd5 23. Qxd5+ Be6 24. Qxc5 Qxc5 25. Nxc5 Bf7 26. Ne4 b5 27. b3 axb3
28. axb3 bxc4 29. bxc4 Rfb8 30. Kd2 Bf8 31. Rb1 Rd8+ 32. Ke3 Ra3+ 33. Kf2 Ra2
34. Rhc1 Ba3 35. Ra1 Rxa1 36. Rxa1 Bb2 37. Ra2 Bd4+ 38. Kg3 Be6 39. Rc2 Kg7 40.
Rc1 Rc8 41. Rb1 Rc7 42. Rc1 h6 43. Nd6 Rc6 44. Ne4 hxg5 45. Nxg5 Bf5 46. Ne4
Bxe4 47. fxe4 Rb6 48. Bd1 Bb2 49. Rc2 Bd4 50. Bg4 Rb3+ 51. Bf3 Rc3 52. Rxc3
Bxc3 53. c5 Ba5 54. Bg4 Kf6 55. c6 Bd8 56. Kf3 Ke7 57. Bd7 Kf7 58. Kg4 Kf6 59.
Be8 Bb6 60. Kf3 Bd8 61. Ke2 Ke6 62. c7 Bxc7 63. Bxg6 Bd8 64. h5 Bg5 65. Kd3 Kd6
66. Kc4 Bf4 67. Kb5 Be3 68. Ka6 Kc6 69. Be8+ Kc7 70. Kb5 Kd6 71. Ka6 1/2-1/2

[Event "European Senior Team Championship 2014"]
[Site "Sibenik"]
[Date "2014.04.09"]
[Round "9.6"]
[White "Scholes, James E"]
[Black "Winiwarter, Felix"]
[Result "0-1"]
[WhiteElo "2103"]
[BlackElo "2136"]
[PlyCount "68"]
[EventDate "2014.04.01"]

1. c4 Nf6 2. Nc3 g6 3. e4 d6 4. h3 Bg7 5. g3 c5 6. Bg2 Nc6 7. d3 O-O 8. Nge2 a6
9. O-O Rb8 10. Bg5 b5 11. Qd2 Nd4 12. Nxd4 cxd4 13. Ne2 bxc4 14. dxc4 Bb7 15.
Bxf6 Bxf6 16. Nxd4 Qb6 17. Rad1 Rfc8 18. b3 a5 19. Nb5 a4 20. Kh2 axb3 21. axb3
Ba6 22. f4 Bxb5 23. e5 dxe5 24. cxb5 exf4 25. gxf4 Qxb5 26. Bd5 Rc3 27. Bc4 Qf5
28. Qg2 Bh4 29. Rd5 Qf6 30. f5 g5 31. Rf3 Ra8 32. Rxc3 Qxc3 33. Qd2 Qg3+ 34.
Kh1 Ra1+ 0-1

[Event "European Senior Team Championship 2014"]
[Site "Sibenik"]
[Date "2014.04.09"]
[Round "9.7"]
[White "Kristiansen, Jens"]
[Black "Malmdin, Nils-Ake"]
[Result "1/2-1/2"]
[WhiteElo "2412"]
[BlackElo "2175"]
[PlyCount "78"]
[EventDate "2014.04.01"]

1. d4 Nf6 2. c4 e6 3. Nc3 Bb4 4. e3 O-O 5. Bd3 d5 6. Nf3 c5 7. O-O dxc4 8. Bxc4
Qc7 9. a3 Ba5 10. Qc2 Bd7 11. Bd3 Rc8 12. dxc5 Qxc5 13. Bd2 Qh5 14. Qb3 Bc6 15.
Nd4 Bc7 16. f4 e5 17. Be2 Qg6 18. Nxc6 Nxc6 19. f5 Qg5 20. Bc4 e4 21. Bxf7+ Kh8
22. Ne2 Bxh2+ 23. Kxh2 Qh4+ 24. Kg1 Ng4 25. Rf4 Qh2+ 26. Kf1 Qh1+ 27. Ng1 Nce5
28. Rxe4 Nh2+ 29. Kf2 Nhg4+ 30. Kf1 Nh2+ 31. Kf2 Nhg4+ 32. Rxg4 Nxg4+ 33. Kg3
h5 34. Rf1 Qh2+ 35. Kf3 Ne5+ 36. Kf2 Ng4+ 37. Kf3 Ne5+ 38. Kf2 Ng4+ 39. Kf3
Ne5+ 1/2-1/2

[Event "European Senior Team Championship 2014"]
[Site "Sibenik"]
[Date "2014.04.09"]
[Round "9.7"]
[White "Petersson, Gosta"]
[Black "Brinck-Claussen, Bjorn"]
[Result "0-1"]
[WhiteElo "2158"]
[BlackElo "2240"]
[PlyCount "72"]
[EventDate "2014.04.01"]

1. g3 e5 2. c4 Nf6 3. Bg2 d5 4. cxd5 Nxd5 5. Nc3 Nb6 6. Nf3 Nc6 7. O-O Be7 8.
d3 O-O 9. a3 Be6 10. b4 Nd4 11. Nd2 Nd5 12. Bb2 Nxc3 13. Bxc3 Bd5 14. Bxd4 Bxg2
15. Kxg2 exd4 16. Nb3 h5 17. Rc1 h4 18. Rc4 Bf6 19. Qc2 c6 20. e4 dxe3 21. fxe3
Qd5+ 22. e4 Qe6 23. Rf5 g6 24. Nc5 Qe7 25. Rf4 hxg3 26. hxg3 Kg7 27. d4 b5 28.
Rxf6 Qxf6 29. Rc3 Rh8 30. e5 Qf5 31. Qf2 Qh5 32. Qf6+ Kg8 33. Rf3 Qh1+ 34. Kf2
Rh2+ 35. Ke3 Qc1+ 36. Kd3 Qd2+ 0-1

[Event "European Senior Team Championship 2014"]
[Site "Sibenik"]
[Date "2014.04.09"]
[Round "9.7"]
[White "Jorgensen, Jorgen"]
[Black "Nyberg, Ulf"]
[Result "1-0"]
[WhiteElo "2206"]
[BlackElo "2141"]
[PlyCount "57"]
[EventDate "2014.04.01"]

1. Nf3 d6 2. d4 g6 3. g3 Bg7 4. Bg2 c5 5. O-O cxd4 6. Nxd4 Nf6 7. c4 O-O 8. Nc3
Nbd7 9. b3 a6 10. Bb2 Rb8 11. Rc1 Nc5 12. Qd2 Bd7 13. Rfe1 b5 14. cxb5 axb5 15.
b4 Na4 16. Nxa4 bxa4 17. Nc6 Bxc6 18. Rxc6 Rb6 19. Rec1 Qb8 20. a3 Re8 21. Rc7
e6 22. Bd4 d5 23. Bxb6 Qxb6 24. R1c6 Qb8 25. Qc2 Bf8 26. Rc8 Rxc8 27. Rxc8 Qb7
28. Qc6 Qa7 29. Qc5 1-0

[Event "European Senior Team Championship 2014"]
[Site "Sibenik"]
[Date "2014.04.09"]
[Round "9.7"]
[White "Nordstrom, Felix"]
[Black "Grabow, Pouelsten Holm"]
[Result "1/2-1/2"]
[WhiteElo "2125"]
[BlackElo "2131"]
[PlyCount "37"]
[EventDate "2014.04.01"]

1. d4 d5 2. c4 e6 3. Nc3 Nf6 4. Bg5 Be7 5. e3 O-O 6. Nf3 h6 7. Bxf6 Bxf6 8.
cxd5 exd5 9. b4 Qd6 10. Qb3 c6 11. Be2 Bf5 12. O-O Nd7 13. b5 Kh8 14. Rfc1 Rfc8
15. Ne1 Bd8 16. bxc6 bxc6 17. Nd3 Rab8 18. Qd1 Qa3 19. Qa4 1/2-1/2

[Event "European Senior Team Championship 2014"]
[Site "Sibenik"]
[Date "2014.04.09"]
[Round "9.8"]
[White "Morris, Charles F"]
[Black "Soylu, Suat"]
[Result "1-0"]
[WhiteElo "2142"]
[BlackElo "2407"]
[PlyCount "55"]
[EventDate "2014.04.01"]

1. c4 Nf6 2. g3 c6 3. Bg2 d5 4. Nf3 dxc4 5. O-O Nbd7 6. a4 a5 7. Na3 Nb6 8. Qc2
Be6 9. Rd1 g6 10. Ng5 Bg4 11. d3 Qc7 12. Nxc4 Nbd5 13. h3 Bc8 14. e4 h6 15.
Nxf7 Kxf7 16. exd5 cxd5 17. Bf4 Qd8 18. Ne5+ Kg7 19. g4 Be6 20. d4 Bf7 21. Rac1
g5 22. Nxf7 Kxf7 23. Be5 Bg7 24. Qb3 Ra6 25. Rc7 b6 26. Rdc1 Re8 27. R1c6 Kf8
28. Qd3 1-0

[Event "European Senior Team Championship 2014"]
[Site "Sibenik"]
[Date "2014.04.09"]
[Round "9.8"]
[White "Mollaoglu, Ergin"]
[Black "Powell, Lloyd"]
[Result "1/2-1/2"]
[WhiteElo "2354"]
[BlackElo "2132"]
[PlyCount "80"]
[EventDate "2014.04.01"]

1. d4 Nf6 2. c4 g6 3. Nc3 Bg7 4. Nf3 O-O 5. Bg5 c5 6. d5 h6 7. Bd2 d6 8. e4 e6
9. Bd3 exd5 10. cxd5 Re8 11. O-O Na6 12. h3 c4 13. Bc2 Nc5 14. Re1 b5 15. a3
Qb6 16. Be3 Bb7 17. Qd2 Kh7 18. Bd4 Rad8 19. Rad1 Nfd7 20. h4 Ne5 21. Nxe5 dxe5
22. Be3 a6 23. f3 Qd6 24. Qf2 Rc8 25. Rf1 Nd7 26. Ne2 a5 27. Bd2 Ra8 28. h5 Kg8
29. f4 Re7 30. hxg6 fxg6 31. fxe5 Nxe5 32. Qg3 Ra6 33. Qh3 Qd7 34. Qh4 g5 35.
Qe1 Nd3 36. Bxd3 cxd3 37. Ng3 Bxd5 38. Bxa5 Bxe4 39. Bb4 Re8 40. Nxe4 Qd4+
1/2-1/2

[Event "European Senior Team Championship 2014"]
[Site "Sibenik"]
[Date "2014.04.09"]
[Round "9.8"]
[White "Miles, Richard"]
[Black "Dogantug, Ahmet Ismail"]
[Result "0-1"]
[WhiteElo "2065"]
[BlackElo "2149"]
[PlyCount "74"]
[EventDate "2014.04.01"]

1. c4 c5 2. g3 Nc6 3. Bg2 g6 4. Nc3 Bg7 5. Rb1 e6 6. a3 a5 7. d3 Nge7 8. e4 O-O
9. Nge2 d6 10. Be3 Nd4 11. O-O Nec6 12. f4 f5 13. Kh1 Bd7 14. Bg1 Kh8 15. Qd2
a4 16. Qd1 Qa5 17. Nc1 Ra7 18. h3 b5 19. cxb5 Nxb5 20. Nxb5 Qxb5 21. Na2 Rb8
22. Nc3 Qb3 23. Qd2 Rab7 24. Nd1 fxe4 25. Bxe4 d5 26. Bg2 Nd4 27. Bxd4 Bxd4 28.
g4 Bb5 29. Rf3 Bd7 30. f5 exf5 31. gxf5 Bxf5 32. h4 Qa2 33. Nc3 Qb3 34. Nd1 Re7
35. Ne3 Qa2 36. Re1 Qxb2 37. Qd1 Rbe8 0-1

[Event "European Senior Team Championship 2014"]
[Site "Sibenik"]
[Date "2014.04.09"]
[Round "9.8"]
[White "Muratoglu, Salih"]
[Black "Adams, Mark"]
[Result "1/2-1/2"]
[WhiteElo "2020"]
[BlackElo "1978"]
[PlyCount "101"]
[EventDate "2014.04.01"]

1. d4 Nf6 2. c4 e6 3. Nc3 Bb4 4. Qc2 O-O 5. a3 Bxc3+ 6. Qxc3 b6 7. g3 Bb7 8.
Nf3 d6 9. Bg2 Nbd7 10. O-O c5 11. Rd1 Qc7 12. b3 Rac8 13. Bb2 Ne4 14. Qe3 Ndf6
15. h3 Rfd8 16. Ne1 cxd4 17. Rxd4 Nc5 18. Bxb7 Nxb7 19. Rad1 Qe7 20. f4 Rd7 21.
Qf3 Nc5 22. g4 e5 23. fxe5 dxe5 24. Rxd7 Nfxd7 25. Qd5 Nf6 26. Qf3 Ne6 27. Qe3
Nf4 28. Ng2 Ng6 29. Qd3 h6 30. Qf5 Rd8 31. Rd3 Qc5+ 32. Kh2 Rxd3 33. exd3 Qd6
34. Kg1 Nd7 35. b4 a5 36. Bc3 Ne7 37. Qe4 Qc6 38. Qe2 axb4 39. axb4 Ng6 40. Bd2
Ndf8 41. h4 Ne6 42. Qe4 Qa4 43. h5 Ngf4 44. Nxf4 exf4 45. Qe1 Ng5 46. Kf2 Qd7
47. Bxf4 Nh3+ 48. Kg3 Qxd3+ 49. Be3 Ng5 50. c5 bxc5 51. bxc5 1/2-1/2